000 00686nam a2200289Ia 4500
005 20260324123036.0
008 008 260324s9999 xx 000 0 eng d
020 _a9780203134887
037 _aEBOOK
040 _aCRL
040 _beng
040 _cCRL
041 _2eng
041 _aeng
084 _qCRL
100 _aJames Williams
_91168799
245 0 _aPolicing the Markets
245 0 _bInside the Black Box of Securities Enforcement
260 _bTaylor and Francis
260 _c2012
365 _a
365 _b240
856 _uhttp://www.taylorfrancis.com/books/9780203134887
942 _cEBOOK
999 _c1761975
_d1761975